000 00491nam a2200109Ia 4500
008 160909s9999 xx 000 0 und d
100 _aFleishman, Jane M.
245 _aComing of age at the time of Stonewall: Internalized homophobia, resilience, sexual communication, relationship satisfaction, and sexual satisfaction in aging adults' same-sex relationships
260 _bWidener University.
_c2016
650 _aMASS COM
856 _uhttp://pqdtopen.proquest.com/doc/1805611052.html?FMT=ABS
999 _c304218
_d304218